Les villes les plus peuplées au monde commençant par W/Y/Z - Statistiques

Statistiques générales
  • Ce quiz a été pris 41 fois
  • Le résultat moyen est 3 sur 10
Statistiques - réponses
Pays Population Lettres Villes % Correct
Etats-Unis 8 550 000 W Washington
100%
Chine 9 250 000 W Wuhan
80%
Birmanie 5 750 000 Y Yangon
40%
Chine 5 100 000 Z Zhengzhou
23%
Chine 5 400 000 W Wenzhou
20%
Chine 1 990 000 Y Yangzhou
14%
Chine 3 600 000 Z Zibo
14%
Indonésie 1 970 000 Y Yogyakarta
9%
Chine 2 225 000 Y Yantai
6%
Chine 1 800 000 Z Zhuhai
0%
Aucun quiz correspondant
Distribution des résultats
% des personnes avec chaque résultat
Percentile par nombre de réponses
Votre historique - résultats
Vous n’avez pas pris ce quiz